000 nam a22 7a 4500
999 _c171712
_d171712
020 _a93-5056-442-4
041 _aeng
100 _aFathima, Shaik
245 _aEnvironmental awareness, environmental attitude and environmental ethics of teacher education students
_cby Dr. Shaik Fathima edited by Prof. Digumarti Bhaskara Rao
260 _aNew Delhi :
_bDiscovery Publishing House Pvt. Ltd.,
_c2014.
300 _a208p.:tables
_c22cm.
700 _aRao, Digumarti Bhaskara
942 _cBK